Statistiken für Deutsche Städte mit mehr als einem Team in der Bundesliga

Klicken Sie hier um das Quiz zu spielen!

Allgemein

  • Dieses Quiz wurde 301 mal gespielt
  • Das Durchschnittsergebnis liegt bei 14 aus 17

Antwortstatistiken

HintStadtVerein% Korrekt
Trägt seine Heimspiele im DFB Pokal Finalstadion ausBerlinHertha BSC
99%
2019 über die Relegation gegen den VfB Stuttgart aufgestiegenBerlin1.FC Union Berlin
97%
RekordmeisterMünchenFC Bayern München
96%
Bis 2018 der Bundesliga-DinoHamburgHamburger SV
96%
GründungsmitgliedKöln1.FC Köln
95%
Liegt an der ReeperbahnHamburgFC St.Pauli
94%
Verein ist durch das Werben von Red Bull bekanntLeipzigRB Leipzig
91%
Hat die meisten Bundesliga Jahre in Baden-WürttembergStuttgartVfB Stuttgart
91%
GründungsmitgliedMünchenTSV 1860 München
90%
Hatte bis 1993 den Ruf der "unabsteigbaren"BochumVfL Bochum
86%
Verein spielt stand 2022/23 in der Oberliga Baden-WürttembergStuttgartStuttgarter Kickers
80%
Vereinsname ist bis auf die Stadt identisch mit dem der Landeshauptstadt NRWsKölnFortuna Köln
79%
Hält den Negativrekord für die meisten Niederlagen in Folge in der BundesligaBerlinTasmania Berlin
72%
Vereinsname hat eine andere Sportart im NamenBerlinTennis Borussia Berlin
66%
Name besteht unter anderem aus den VereinsfarbenBerlinBlau-Weiß 90 Berlin
57%
Lange Geschichte mit dem Heutigen 1.FC LokomotiveLeipzigVfB Leipzig
53%
Bis 1975 war der Ort eine eigenständige Stadt, bis sie mit der Nachbarstadt zusammengeschlossen wurdeBochumSG Wattenscheid
47%

Verteilung der Resultate

Perzentil nach korrekt beantworteten Fragen

Anzahl Personen mit jedem Resultat

Ihre Resultats-Entwicklung

Sie haben dieses Quiz noch nicht gespielt